| 000 | 00520nam a2200205Ia 4500 | ||
|---|---|---|---|
| 003 | GCL | ||
| 008 | 140319s9999 xx 000 0 eng d | ||
| 040 |
_aGCL / _cGCL |
||
| 082 | 0 | 4 |
_a808.882 _bK B |
| 100 | 1 | _aKING, JUDITH | |
| 245 | 1 | 0 |
_aTHE BOOK OF BRITISH HUMOUR / _cKING, JUDITH |
| 700 | 1 | _aRONALD, RIDOUT | |
| 700 | 1 | _aSWAN, D.K | |
| 260 |
_a[S.N] : _bLONGMAN GROUP UK LIMITED ، _c1981 |
||
| 300 | _a58 P | ||
| 650 | 0 | 4 | _aENGLISH LITERATURE |
| 650 | 0 | 4 | _aENGLISH JOKES |
| 650 | 0 | 4 | _aJOKES |
| 942 |
_2ddc _cBK |
||
| 999 |
_c15304 _d15304 |
||